书目信息 |
| 题名: |
摄影导游
|
|
| 作者: | ;大众摄影编辑部 编 | |
| 分册: | A卷 | |
| 出版信息: | 杭州 浙江摄影出版社 2001 |
|
| 页数: | 115页 | |
| 开本: | 20cm | |
| 丛书名: | ||
| 单 册: | ||
| 中图分类: | J414 | |
| 科图分类: | ||
| 主题词: | 导游--中国--摄影集 , 风光摄影--中国--摄影集 , 导游 , 风光摄影 , 摄影技术--普及读物 , 摄影艺术--各种 | |
| 电子资源: | ||
| ISBN: | 7-80536-835-X | |
| 000 | 00727nam0 2200277 45 | |
| 001 | (011001)c2001063740 | |
| 005 | 20031219104121.5 | |
| 010 | @a7-80536-835-X@dCNY35.00 | |
| 100 | @a20010804d2001 em y0chiy0110 ea | |
| 101 | 0 | @achi |
| 102 | @aCN@b330000 | |
| 105 | @aa z 000yy | |
| 106 | @ar | |
| 200 | 1 | @a摄影导游@hA卷@f《大众摄影》编辑部编 |
| 210 | @a杭州@c浙江摄影出版社@d2001 | |
| 215 | @a115页@c彩照@d20cm | |
| 606 | 0 | @a导游@y中国@j摄影集 |
| 606 | 0 | @a风光摄影@y中国@j摄影集 |
| 606 | 0 | @a导游 |
| 606 | 0 | @a风光摄影 |
| 606 | 0 | @a摄影技术@x普及读物 |
| 606 | 0 | @a摄影艺术@x各种 |
| 690 | @aJ414@v4 | |
| 711 | 02 | @a大众摄影编辑部@4编 |
| 801 | @aCN@bTSTC@c20031112 | |
| 905 | @b328090-094@dJ414@e163:1@f5 | |
| 摄影导游.A卷/《大众摄影》编辑部编.-杭州:浙江摄影出版社,2001 |
| 115页:彩照;20cm |
| ISBN 7-80536-835-X:CNY35.00 |
| ● |
| 相关链接 |
|
|
|
|
正题名:摄影导游
索取号:J414/163:1
 
预约/预借
| 序号 | 登录号 | 条形码 | 馆藏地/架位号 | 状态 | 备注 |
| 1 | 0328090 | 203280902 | 第一借阅区/ [索取号:J414/163:1] | 在馆 | |
| 2 | 0328091 | 203280911 | 第一借阅区/ [索取号:J414/163:1] | 在馆 | |
| 3 | 0328092 | 203280920 | 第一借阅区/ [索取号:J414/163:1] | 在馆 | |
| 4 | 0328093 | 203280939 | 第一借阅区/ [索取号:J414/163:1] | 在馆 | |
| 5 | 0328094 | 203280948 | 第一样本阅览室/ [索取号:J414/163:1] | 在馆 |